000 00265nam a22001217a 4500
008 171102b xxu||||| |||| 00| 0 eng d
041 _aeng
080 _a33
100 _a59
101 _aBUS
245 _aTHE DESIGN OF EXPERIMENTS
_cFISHER, R.A
942 _2udc
_cBK
999 _c37241
_d37241